000 00678nam a2200265 i 4500
001 C2-0116783
003 PPAK
005 20180727110053.0
008 970722s1982 enka|||| ||||| | eng d
020 _a0070170800
040 _aPPAK
_beng
_cPPAK
_erda
082 0 4 _a572.9
_223
090 0 0 _a572.9
_bDIX
_dG
090 0 0 _a572.9
_bDIX
_dR
100 1 _aDixon, Terence,
_eauthor
245 1 4 _aThe human race
264 1 _aLondon :
_bThames Methuen ,
_c1982
300 _a256 pages :
_billustrations ;
_c26 cm
336 _2rdacontent
_atext
337 _2rdamedia
_aunmediated
338 _2rdacarrier
_avolume
650 1 0 _aCulture
700 _eauthor
942 _ddc
_cB
999 _c30894
_d30894